Anime by Main Character Quiz - Statistics

General Stats
  • This quiz has been taken 1,101 times
  • The average score is 11 of 26
Answer Stats
Main Character Anime % Correct
Eren Jaeger Attack on Titan
98%
Naruto Uzumaki Naruto
97%
Monkey D. Luffy One Piece
97%
Edward Elric Fullmetal Alchemist
80%
Akame Akame Ga Kill
77%
Meliodas The Seven Deadly Sins
77%
Lucy Heartfilia Fairy Tail
72%
Lelouch Vi Britannia Code Geass
71%
Shoyo Hinata Haikyuu
71%
Rin Okumura Blue Exorcist
53%
Yuri Kastuki Yuri! On Ice
39%
Tohru Honda Fruits Basket
31%
Haruka Nanase Free!
28%
Ryuko Matoi Kill La Kill
26%
Haruhi Fujioka Ouran Highschool Host Club
24%
Kurisu Makise Steins; Gate
24%
Revy Black Lagoon
23%
Mei Misaki Another
22%
Rin Tosaka Fate/Stay Night
22%
Yuzuru Otonashi Angel Beats
16%
Yuu Otosaka Charlotte
15%
Konata Izumi Lucky Star
9%
Akane Tsunemori Psycho Pass
9%
Mikoto Misaka A Certain Scientific Railgun
8%
Oz Bezarius Pandora Hearts
8%
Misaki Takahashi Junjou Romantica
4%
No matching quizzes found
Score Distribution
Percent of People with Each Score
Percentile by Number Answered
Your Score History
You have not taken this quiz